| 000 | 00788 a2200277 4500 | ||
|---|---|---|---|
| 502 | _aThèse de Doctorat | ||
| 260 | _aWageningen | ||
| 653 | 1 | _aAgronomie | |
| 100 | _aTIEMERSMA, Edine W. | ||
| 041 | _bEn | ||
| 260 | _bUniversité de Wageningen | ||
| 300 | _a166 p. | ||
| 245 | _aMeat, smoking, alcohol, and colorectal tumors : the role of genetic susceptibility | ||
| 650 | _aGENETIC SUSCEPTIBILITY | ||
| 650 | _aROLE | ||
| 650 | _aCOLORECTAL TUMOR | ||
| 260 | _c12 Avril 2002 | ||
| 300 | _bIll., Couv. ill. ; 24 cm | ||
| 130 | _lEn | ||
| 040 | _aSupport | ||
| 041 | _bEn | ||
| 653 | 1 | _aNutrition et Sciences Alimentaires | |
| 100 | _uAbomey-Calavi, Université d'Abomey-Calavi, Faculté des Sciences Agronomiques, Bj | ||
| 020 | _a90-5808-626-7 | ||
| 999 |
_c32256 _d32256 |
||